Women, trauma, and journeys towards desistance: navigating the labyrinth

Women, Trauma, and Journeys towards Desistance: Navigating the Labyrinth provides an examination of women's desistance from crime from a gender-responsive, trauma-informed perspective. The book is based on the reflections of fifty-six women over a three-year period as they transition from custo...

Full description

Saved in:  
Bibliographic Details
Main Author: Petrillo, Madeline (Author)
Format: Print Book
Language:English
Published: London New York Routledge, Taylor & Francis Group 2023
In:Year: 2023
Online Access: Cover (Publisher)
Blurb
Availability in Tübingen:Present in Tübingen.
UB: KB 21 A 3128
Check availability: HBZ Gateway
Subito Delivery Service: Order now.
Keywords:

MARC

LEADER 00000cam a2200000 c 4500
001 1842852256
003 DE-627
005 20251226210311.0
007 tu
008 230417s2023 xxk||||| 00| ||eng c
010 |a  2022056657 
020 |a 9781032064369  |c hardback  |9 978-1-032-06436-9 
020 |a 9781032064376  |c pbk  |9 978-1-032-06437-6 
035 |a (DE-627)1842852256 
035 |a (DE-599)KXP1842852256 
035 |a (OCoLC)1458972716 
040 |a DE-627  |b ger  |c DE-627  |e rda 
041 |a eng 
044 |c XA-GB 
050 0 |a HV6046 
072 7 |a SOC  |2 bisacsh 
072 7 |a JKV  |2 bicssc 
082 0 |a 364.3/74  |q DLC  |2 23/eng/20230412 
082 0 |a 364.374  |2 23 
084 |a 2,1  |2 ssgn 
100 1 |a Petrillo, Madeline  |e VerfasserIn  |0 (DE-588)1294136224  |0 (DE-627)1851106715  |4 aut 
109 |a Petrillo, Madeline 
245 1 0 |a Women, trauma, and journeys towards desistance  |b navigating the labyrinth  |c Madeline Petrillo 
264 1 |a London  |a New York  |b Routledge, Taylor & Francis Group  |c 2023 
300 |a 175 Seiten 
336 |a Text  |b txt  |2 rdacontent 
337 |a ohne Hilfsmittel zu benutzen  |b n  |2 rdamedia 
338 |a Band  |b nc  |2 rdacarrier 
490 0 |a Feminist criminology 
500 |a Literaturangaben und ein Sachregister 
500 |a This book is based on the PhD thesis, Titel von EThOS ermittelt: Women's desistance from crime : a gender-responsive, trauma-informed analysis, University of Portsmouth, 2019 
505 8 |a 1. Navigating the Labyrinth: Women, trauma, and journeys towards desistance2. Trauma, offending, and desistance3. Fifty-seven women4. Navigating relationships5. Navigating identity restoration: Shame, stigma, and selfhood in women's desistance6. Navigating responsibility: Agency, autonomy, and self-efficacy in desistance7. Navigating Recovery: A trauma recovery approach to supporting women's desistance8. Women's desistance from crime: A trauma-informed framework for practice 
520 |a Women, Trauma, and Journeys towards Desistance: Navigating the Labyrinth provides an examination of women's desistance from crime from a gender-responsive, trauma-informed perspective. The book is based on the reflections of fifty-six women over a three-year period as they transition from custody to the community. With the women, the author examines how experiences of trauma, victimisation, and intersectional oppression constrain access to traditional desistance supporting processes, including supportive relationships, identity construction, the exercise of agency, and engagement with treatment and interventions, reframing these processes from trauma-informed perspective. The book joins together the women's insights and experiences with principles of gender-responsive, trauma-informed principles in a framework through which criminal justice practitioners can support women in their efforts to leave crime behind. The framework for practice is a fusion of concepts from desistance theory, principles of gender-responsivity, and trauma-informed practice designed to help women understand the root causes of the problems they face in the present whilst building on their resilience and strengths to achieve their goals for their futures. This book is ideal reading for scholars and students of criminology and criminal justice, particularly rehabilitation, gender and crime, and feminist criminology. It will also be of interest to academics and practitioners of forensic psychology and social work, as well as probation officers, social workers and prison officers 
583 1 |a Archivierung/Langzeitarchivierung gewährleistet  |f FID  |x XA-DE-BW  |2 pdager  |5 DE-21 
650 0 |a Female offenders  |x Rehabilitation  |2 DLC 
650 0 |a Recidivism  |x Prevention  |2 DLC 
650 4 |a Social, group or collective psychology 
650 4 |a Sociology 
650 4 |a Soziale Arbeit 
650 4 |a Sozialpsychologie 
650 4 |a Soziologie 
650 4 |a Criminology: legal aspects 
650 4 |a Feminism & feminist theory 
650 4 |a Feminismus und feministische Theorie 
650 4 |a Frauengesundheit 
650 4 |a Gender Studies: Frauen und Mädchen 
650 4 |a Gender studies: women 
650 4 |a Kriminologie: Rechtliche Aspekte 
650 4 |a Personal & public health 
650 4 |a Persönliche Gesundheit und Gesundheitswesen / Gesundheitserziehung 
650 4 |a Psychological theory & schools of thought 
650 4 |a Psychologie: Theorien und Denkschulen 
650 4 |a Social Science / Criminology 
650 4 |a SOCIAL SCIENCE / Penology 
650 4 |a Sentencing & punishment 
650 4 |a Social Work 
650 4 |a Criminal or forensic psychology 
650 4 |a Kriminalpsychologie, forensische Psychologie 
650 4 |a Sanktionsforschung (Pönologie) und Strafen 
650 4 |a Criminal justice law 
650 4 |a Penology & punishment 
689 0 0 |d s  |0 (DE-588)4065027-3  |0 (DE-627)106121065  |0 (DE-576)20915635X  |a Täterin  |2 gnd 
689 0 1 |d s  |0 (DE-588)4078782-5  |0 (DE-627)106076329  |0 (DE-576)20921001X  |a Verbrechensopfer  |2 gnd 
689 0 2 |d s  |0 (DE-588)4060748-3  |0 (DE-627)106138537  |0 (DE-576)209136448  |a Trauma  |2 gnd 
689 0 3 |d s  |0 (DE-588)4049078-6  |0 (DE-627)106188526  |0 (DE-576)209080388  |a Rehabilitation  |2 gnd 
689 0 4 |d s  |0 (DE-588)4247490-5  |0 (DE-627)104557435  |0 (DE-576)210488190  |a Reintegration  |2 gnd 
689 0 |5 (DE-627) 
776 1 |o 10.4324/9781003202325 
776 1 |z 9781003202325  |c ebk 
776 1 |z 9781000879988  |c ePub ebook 
776 1 |z 9781000879964  |c PDF ebook 
856 4 2 |u https://swbplus.bsz-bw.de/bsz1842852256kla.htm  |m V:DE-576  |m B:DE-21  |v 20230729193201  |3 Klappentext  |7 1 
856 4 2 |u https://www.dietmardreier.de/annot/426F6F6B446174617C7C393738313033323036343336397C7C434F50.jpg?sq=3  |x Verlag  |3 Cover  |7 1 
935 |a mkri 
951 |a BO 
ELC |b 1 
LOK |0 000 xxxxxcx a22 zn 4500 
LOK |0 001 4338620919 
LOK |0 003 DE-627 
LOK |0 004 1842852256 
LOK |0 005 20230721093943 
LOK |0 008 230615||||||||||||||||ger||||||| 
LOK |0 040   |a DE-21  |c DE-627  |d DE-21 
LOK |0 852   |a DE-21 
LOK |0 852 1  |c KB 21 A 3128  |9 00 
LOK |0 935   |a krim 
LOK |0 938   |a 2307  |f 34 
LOK |0 939   |a 15-06-23  |b l01 
LOK |0 000 xxxxxcx a22 zn 4500 
LOK |0 001 4309220568 
LOK |0 003 DE-627 
LOK |0 004 1842852256 
LOK |0 005 20230607143151 
LOK |0 008 230417||||||||||||||||ger||||||| 
LOK |0 040   |a DE-Frei85  |c DE-627  |d DE-Frei85 
LOK |0 852   |a DE-Frei85 
LOK |0 852 1  |m p  |9 00 
LOK |0 938   |k p 
LOK |0 939   |a 17-04-23  |b l01 
ORI |a SA-MARC-krimdoka001.raw 
SIG |a UB: KB 21 A 3128